[Event "Alexandria op 18th"]
[Site "Alexandria"]
[Date "2012.08.30"]
[Round "4"]
[White "Abdel Aziz, Ehab"]
[Black "Shoker, Samy"]
[Result "0-1"]
[WhiteElo "2134"]
[BlackElo "2504"]
[PlyCount "58"]
[EventDate "2012.08.27"]
[EventType "swiss"]
[EventRounds "9"]
[EventCountry "EGY"]
[SourceTitle "CBM 150 Extra"]
[Source "ChessBase"]
[SourceDate "2012.10.19"]
[SourceVersion "1"]
[SourceVersionDate "2012.10.19"]
[SourceQuality "1"]

1. f4 Nf6 2. b3 g6 3. Bb2 Bg7 4. e3 d6 5. Be2 0-0 6. Nf3 c5 7. 0-0 Nc6 8. a4 e5 9. fxe5 Ng4 10. Na3 Ngxe5 11. Nxe5 Nxe5 12. Rb1 d5 13. Qe1 h5 14. d4 cxd4 15. Bxd4 Qe7 16. Nb5 Bf5 17. Rc1 a6 18. Nc3 Qe6 19. a5 Rfe8 20. Kh1 Rac8 21. Na4 Nd7 22. Bf3 Bxc2 23. Bxg7 Kxg7 24. Qb4 Be4 25. Bxe4 Qxe4 26. Qxb7 Rxc1 27. Rxc1 Qxe3 28. Rf1 Qf2 29. Qxa6 Re1 0-1

[Event "Alexandria op 18th"]
[Site "Alexandria"]
[Date "2012.08.28"]
[Round "2"]
[White "Abdel Aziz, Ehab"]
[Black "Abdel Moneim, Nabeil"]
[Result "1-0"]
[WhiteElo "2134"]
[BlackElo "1843"]
[PlyCount "81"]
[EventDate "2012.08.27"]
[EventType "swiss"]
[EventRounds "9"]
[EventCountry "EGY"]
[SourceTitle "CBM 150 Extra"]
[Source "ChessBase"]
[SourceDate "2012.10.19"]
[SourceVersion "1"]
[SourceVersionDate "2012.10.19"]
[SourceQuality "1"]

1. f4 d5 2. e3 c5 3. b3 Nc6 4. Bb5 a6 5. Bxc6+ bxc6 6. Bb2 f6 7. Nf3 Nh6 8. 0-0 Nf7 9. d3 e6 10. Nbd2 Be7 11. Qe2 a5 12. a4 Qb6 13. Rab1 Bd6 14. Kh1 Ba6 15. Qf2 Qc7 16. Qg3 Nh6 17. Qh3 Qe7 18. Rbe1 Nf7 19. e4 Kd7 20. Re2 Bxf4 21. exd5 cxd5 22. Rfe1 Rae8 23. c4 d4 24. Ba3 f5 25. Nxd4 Ng5 26. Qh4 Bxd2 27. Rxd2 Qd6 28. Nb5 Bxb5 29. Qxg5 Bc6 30. d4 Kc8 31. Bxc5 Qc7 32. Re5 Be4 33. Ba3 Qb7 34. Rc5+ Kd7 35. Qxg7+ Kd8 36. Qf6+ Kd7 37. d5 exd5 38. Qg7+ Re7 39. Qxh8 Bxg2+ 40. Kxg2 d4+ 41. Rd5+ 1-0

[Event "Alexandria op 18th"]
[Site "Alexandria"]
[Date "2012.08.27"]
[Round "1"]
[White "Moaataz, Alaa"]
[Black "Abdel Aziz, Ehab"]
[Result "0-1"]
[WhiteElo "1730"]
[BlackElo "2134"]
[PlyCount "34"]
[EventDate "2012.08.27"]
[EventType "swiss"]
[EventRounds "9"]
[EventCountry "EGY"]
[SourceTitle "CBM 150 Extra"]
[Source "ChessBase"]
[SourceDate "2012.10.19"]
[SourceVersion "1"]
[SourceVersionDate "2012.10.19"]
[SourceQuality "1"]

1. e4 e6 2. d4 d5 3. exd5 exd5 4. Bd3 c5 5. dxc5 Bxc5 6. Nf3 Nf6 7. h3 0-0 8. 0-0 Nc6 9. c3 Qd6 10. b4 Bb6 11. Ba3 Bxh3 12. b5 Qg3 13. Bxh7+ Kh8 14. Nh4 Ng4 15. Re1 Bxf2+ 16. Kf1 Nh2+ 17. Ke2 Qe3# 0-1